00533 a2200193 450000100060000000300050000600500170001100800410002802000180006904000090008708200170009610000200011324501090013325000080024226000260025030000100027650000230028665000300030986247NUST20180116120633.0170915b xxu||||| |||| 00| 0 eng d a9781842126080 cNUST a297.63 bARM aKaren Armstrong aMuhammad : a biography of the Prophet (controversial book placed in closed shelve) /cby Karen Armstrong a1st aLondonbPhoenixc2001 a290p. aGeneral Collection aSeerat un Nabi- Biography